Marketing / Theory and Practice (Record no. 2182)
[ view plain ]
| 000 -LEADER | |
|---|---|
| fixed length control field | 01224cam a22002294a 4500 |
| 005 - ΗΜΕΡΟΜΗΝΙΑ ΚΑΙ ΩΡΑ ΤΕΛΕΥΤΑΙΑΣ ΕΝΗΜΕΡΩΣΗΣ | |
| Πεδίο ελέγχου | 20250605164033.0 |
| 008 - FIXED-LENGTH DATA ELEMENTS--GENERAL INFORMATION | |
| Πεδίο ελέγχου σταθερού μήκους | 250528s ||||||||||||||||||||||||d |
| 035 ## - SYSTEM CONTROL NUMBER | |
| System control number | 16709 |
| 020 ## - ISBN | |
| ISBN | 333641825 |
| 040 ## - ΠΗΓΗ ΚΑΤΑΛΟΓΟΓΡΑΦΗΣΗΣ | |
| Φορέας πρωτότυπης καταλογογράφησης | MC Athens Campus Library |
| Γλώσσα καταλογογράφησης | Ελληνικά, Μοντέρνα (1453-) |
| Modifying agency | MC Athens Campus Library |
| Κανόνες περιγραφικής καταλογογράφησης | AACR2 |
| 245 1# - ΤΙΤΛΟΣ ΚΑΙ ΔΗΛΩΣΗ ΥΠΕΥΘΥΝΟΤΗΤΑΣ | |
| Τίτλος | Marketing / Theory and Practice |
| 250 ## - EDITION STATEMENT | |
| Edition statement | 3rd |
| 260 ## - PUBLICATION, DISTRIBUTION, ETC. | |
| Date of publication, distribution, etc. | 1995 |
| 300 ## - PHYSICAL DESCRIPTION | |
| Extent | 444 |
| 505 0# - FORMATTED CONTENTS NOTE | |
| Formatted contents note | Preface, Evolution of the Marketing Concept, Sources and Status of Marketing Theory, Market Segmentation, Modelling Markets, New Product Development, Channel Management, Marketing Communications, Business to Business Marketing, Retailing, Customer Care, Consumerism, Marketing to Eastern Europe, Marketing Theory and Practice in a Postmodern Era, Index. |
| 520 ## - SUMMARY, ETC. | |
| Summary, etc. | Preface, Evolution of the Marketing Concept, Sources and Status of Marketing Theory, Market Segmentation, Modelling Markets, New Product Development, Channel Management, Marketing Communications, Business to Business Marketing, Retailing, Customer Care, Consumerism, Marketing to Eastern Europe, Marketing Theory and Practice in a Postmodern Era, Index. |
| 700 1# - ΠΡΟΣΘΕΤΗ ΑΝΑΓΡΑΦΗ--ΦΥΣΙΚΟ ΠΡΟΣΩΠΟ | |
| Personal name | Baker Pauline M. |
| 9 (RLIN) | 1869 |
| 710 2# - ΠΡΟΣΘΕΤΗ ΑΝΑΓΡΑΦΗ--ΣΥΛΛΟΓΙΚΟ ΟΡΓΑΝΟ | |
| Corporate name or jurisdiction name as entry element | Macmillan Business |
| 9 (RLIN) | 9714 |
| 942 ## - ADDED ENTRY ELEMENTS (KOHA) | |
| Koha item type | Books |
| Τύπος τεκμηρίου | Βιβλιοθήκη | Τρέχουσα τοποθεσία | Barcode | Αριθμός εισαγωγής | Ημερομηνία απόκτησης | Ταξιθετικό σύμβολο | Αριθμός αντιτύπου | Κατάσταση απόσυρσης | Κατάσταση χαμένου | Κατάσταση κατεστραμμένου | Μη δανεισμός | Σύνολο δανεισμών | Ημερομηνία τελευταίας εμφάνισης | Η τιμή ισχύει από |
|---|---|---|---|---|---|---|---|---|---|---|---|---|---|---|
| Books | MC Athens Campus Library | MC Athens Campus Library | 9780000021816 | 4921 | 05/06/2025 | 658.8 BAK | 1 | 05/06/2025 | 05/06/2025 |